| 000 | 00387nam a22001337a 4500 | ||
|---|---|---|---|
| 020 | _a0070653291 | ||
| 040 | _cNust | ||
| 082 |
_a621.3193 _bTRA |
||
| 100 |
_aJohn E. Traister _9127463 |
||
| 245 |
_aIndustrial electrical wiring _bDesign, installation, and maintenance |
||
| 260 |
_aNew York: _bMcGraw Hill, _c1997. |
||
| 650 |
_aIndustrial electrical wiring _9127464 |
||
| 942 |
_2ddc _cBK |
||
| 999 |
_c612583 _d612583 |
||